Dewey decimal classification and relative index : Introduction, tables

Gespeichert in:
Bibliographische Detailangaben
1. Verfasser: Dewey, Melvil
Format: Buch
Sprache:Undetermined
Veröffentlicht: Albany, NY Forest Press 1996
Schlagworte:
Tags: Tag hinzufügen
Keine Tags, Fügen Sie den ersten Tag hinzu!
Thư viện lưu trữ: Trung tâm Học liệu Trường Đại học Cần Thơ
LEADER 00541nam a2200193Ia 4500
001 CTU_33262
008 210402s9999 xx 000 0 und d
082 |a 025.431 
082 |b D519/Vol.1 
100 |a Dewey, Melvil 
245 0 |a Dewey decimal classification and relative index : 
245 0 |b Introduction, tables 
245 0 |c Melvil Dewey 
260 |a Albany, NY 
260 |b Forest Press 
260 |c 1996 
650 |a Classification, Dewey Decimal 
904 |i Minh 
980 |a Trung tâm Học liệu Trường Đại học Cần Thơ